| 000 | 00852cam a22002777a 4500 | ||
|---|---|---|---|
| 003 | CHAP | ||
| 005 | 20220329134917.0 | ||
| 008 | 971013s r 00010 d | ||
| 010 | _a27913 | ||
| 011 | _a28885 | ||
| 035 | _a32996 | ||
| 040 | _cCHAP | ||
| 090 | _aR-2841 | ||
| 100 | 0 | 0 |
_aMcClure, Charles R. _973398 |
| 245 | 1 | 4 |
_aThe planning process _b: strategies for action |
| 500 | _aSobretiro de: College & Research Library 18: 456-466, 1978 | ||
| 590 |
_aBATCH-UPD _b10 _c20130110 _lUCH01 _h0150 |
||
| 590 |
_aBATCH-UPD _b10 _c20130110 _lUCH01 _h2142 |
||
| 590 |
_aBATCH-UPD _b10 _c20130410 _lUCH01 _h1451 |
||
| 590 |
_aBATCH-UPD _b10 _c20130914 _lUCH01 _h1805 |
||
| 590 |
_aCONVERSION _b10 _c20130109 _lUCH01 _h1316 |
||
| 650 | 1 | 4 |
_aPolĂtica bibliotecaria. _990446 |
| 901 | _aBK | ||
| 942 | _cREIMP | ||
| 949 |
_aR-2841 _bBC _cR _d-76756 _eTS1 _i32996 _si |
||
| 999 |
_c27913 _d27913 |
||